01040nab a2200277uuc4500001000800000005001700008008004100025035001200066040001300078041000800091100004200099245010300141650003600244650002600280650003000306650002800336650002200364650003700386650003700423650003300460650002800493700004000521700004000561700003900601773012200640147059120240911090613.0170804e20170601 spa  a1470591 ccomduadb aspa10aRiveros Munévar, Fernando4auteaut10aCaracterización y análisis de los estilos de afrontamiento en mujeres trabajadoras colombianas aMujeres - Condiciones laborales aMujeres en el trabajo 7aTrabajo de la mujer2lemb 7aMujereszColombia2lemb aMujeres y trabajo 7aPsicología de la mujer2armarc 7aPsicología de la mujer2armarc aAfrontamiento (Psicología) 7aMujereszColombia2lemb10aArenas García, Federico4auteaut10aVernaza, Juan Sebastián4auteaut10aGómez Acosta, Andrés4auteaut0 tInformes psicológicos (Bucaramanga)gVolumen 17, Número 01, Enero-Junio 2017, 107-120w1430728x2145-35350733934